000 00685nam a22002057a 4500
005 20231211113333.0
010 _aENG-138573
020 _c150.00
_a9789393622020
035 _aEN-122105
037 _bDBAD/PUB
082 _a746.92
_2First
100 _aAnisha, C.
_959702
245 _aFundamentals Of Functional Clothing/
_cBy C. Anisha and S. Jayapriya
250 _aFirst
260 _aTamilnadu
_bInnovation Online Training Academy (IOTA) Publishers
_c2022
270 _bTamilnadu
_a11C, Brindha Layout, Coimbatore-1
_k7825007500
_miotacbe@gmail.com
300 _a75p.
_c25cm(pbk)
_bindex
700 _aJayapriya, S.
_959703
942 _2ddc
_cEN
_h746.92
_mANI
999 _c199587
_d199587